Normal view
MARC view
- الاحمد، وسيم حسام الدين
Entry Personal Name
001 - CONTROL NUMBER
- control field: 62849
003 - CONTROL NUMBER IDENTIFIER
- control field: JO-AjAnu
005 - DATE AND TIME OF LATEST TRANSACTION
- control field: 20230606084249.0
008 - FIXED-LENGTH DATA ELEMENTS
- fixed length control field: 230606|| aca||aabn | a|a d
040 ## - CATALOGING SOURCE
- Original cataloging agency: JO-AjAnu
- Transcribing agency: JO-AjAnu
100 ## - HEADING--PERSONAL NAME
- Personal name: الاحمد، وسيم حسام الدين
670 ## - SOURCE DATA FOUND
- Source citation: Work cat.: (JO-AjAnu)32047: الاحمد، وسيم حسام الدين, author, الحماية الاجتماعية من العنف الاسري